[Event "Tetraktys Concept Mgmt"]
[Site "Europe Echecs INT"]
[Date "2021.06.06"]
[Round "5"]
[White "Alavi, Sayed Javad"]
[Black "Emmenecker, Philippe"]
[Result "1-0"]
[WhiteElo "2445"]
[BlackElo "2053"]
[PlyCount "93"]
[EventDate "2021.06.06"]
[EventType "swiss (blitz)"]
[EventRounds "11"]
[EventCountry "FRA"]
[SourceTitle "CBM 202 Extra"]
[Source "ChessBase"]
[SourceDate "2021.07.31"]
[SourceVersion "1"]
[SourceVersionDate "2021.07.31"]
[SourceQuality "1"]

1. e4 e5 2. Nf3 Nc6 3. Bc4 Nf6 4. d3 h6 5. 0-0 d6 6. c3 g6 7. Re1 Bg7 8. Bb3 0-0 9. Nbd2 Re8 10. Nf1 Be6 11. Ne3 a5 12. Bxe6 Rxe6 13. Qb3 Qd7 14. Qxb7 Ree8 15. Qb3 a4 16. Qc2 d5 17. Bd2 Kh7 18. Rad1 d4 19. cxd4 exd4 20. Nc4 Nh5 21. Rc1 Re7 22. Nb6 cxb6 23. Qxc6 Qa7 24. Rc4 b5 25. Rc5 Rb8 26. Rec1 Re6 27. Qc7 Rb7 28. Qc8 Rb8 29. Qc7 Rb7 30. Qd8 Rb8 31. Qd5 Nf6 32. Rc7 Qxc7 33. Rxc7 Nxd5 34. exd5 Re2 35. Rxf7 Rbe8 36. Kf1 Kg8 37. Rb7 R2e7 38. Rxb5 Rc8 39. d6 Rd7 40. Bf4 Rc2 41. Rb8+ Kf7 42. Ne5+ Bxe5 43. Bxe5 Ke6 44. f4 Rf7 45. g4 g5 46. Re8+ Kd5 47. Re7 1-0

[Event "Europe Echecs Blitz May op"]
[Site "Europe Echecs INT"]
[Date "2021.05.09"]
[Round "3"]
[White "Alberola, Raphael"]
[Black "Emmenecker, Philippe"]
[Result "0-1"]
[WhiteElo "1664"]
[BlackElo "2053"]
[PlyCount "72"]
[EventDate "2021.05.09"]
[EventType "swiss (blitz)"]
[EventRounds "11"]
[EventCountry "FRA"]
[SourceTitle "CBM 202 Extra"]
[Source "ChessBase"]
[SourceDate "2021.07.31"]
[SourceVersion "1"]
[SourceVersionDate "2021.07.31"]
[SourceQuality "1"]

1. e4 e5 2. Nf3 Nc6 3. Bc4 Nf6 4. d3 h6 5. h3 d6 6. Be3 g5 7. g4 a6 8. a4 d5 9. exd5 Nxd5 10. Qe2 Bg7 11. c3 Be6 12. Nbd2 f5 13. gxf5 Bxf5 14. Ne4 Bxe4 15. dxe4 Nf6 16. Rd1 Qe7 17. Nd2 Rd8 18. b4 Nd7 19. 0-0 h5 20. Nf3 Bf6 21. Bd5 g4 22. Nh2 gxh3 23. Kh1 Bg5 24. f4 exf4 25. Bxf4 Bxf4 26. Rxf4 Nde5 27. Rdf1 Qg5 28. Qf2 Qg2+ 29. Qxg2 hxg2+ 30. Kxg2 Rh6 31. Nf3 Rg6+ 32. Kh1 Nxf3 33. R4xf3 Ne5 34. Rf4 c6 35. Bb3 Rd3 36. Rf5 Rh3# 0-1

[Event "Europe Echecs Blitz May op"]
[Site "Europe Echecs INT"]
[Date "2021.05.09"]
[Round "2"]
[White "Emmenecker, Philippe"]
[Black "Tabatabaei, Mohammad Amin"]
[Result "0-1"]
[WhiteElo "2053"]
[BlackElo "2613"]
[PlyCount "46"]
[EventDate "2021.05.09"]
[EventType "swiss (blitz)"]
[EventRounds "11"]
[EventCountry "FRA"]
[SourceTitle "CBM 202 Extra"]
[Source "ChessBase"]
[SourceDate "2021.07.31"]
[SourceVersion "1"]
[SourceVersionDate "2021.07.31"]
[SourceQuality "1"]

1. d4 e6 2. c4 b6 3. Nf3 Bb7 4. g3 Bb4+ 5. Nbd2 Bxf3 6. exf3 Nc6 7. a3 Bxd2+ 8. Qxd2 Qf6 9. d5 Nd4 10. Bg2 Nb3 11. Qd1 Nxa1 12. 0-0 Qg6 13. dxe6 fxe6 14. Bf4 Nc2 15. Bxc7 Rc8 16. Qd6 Qf5 17. b4 Nxa3 18. g4 Qf8 19. Qd3 Rxc7 20. Qxa3 Nf6 21. g5 Nh5 22. c5 bxc5 23. Qa5 Qf4 0-1

[Event "Europe Echecs Blitz May op"]
[Site "Europe Echecs INT"]
[Date "2021.05.09"]
[Round "1"]
[White "Guenin, Pierre"]
[Black "Emmenecker, Philippe"]
[Result "0-1"]
[WhiteElo "1392"]
[BlackElo "2053"]
[PlyCount "38"]
[EventDate "2021.05.09"]
[EventType "swiss (blitz)"]
[EventRounds "11"]
[EventCountry "FRA"]
[SourceTitle "CBM 202 Extra"]
[Source "ChessBase"]
[SourceDate "2021.07.31"]
[SourceVersion "1"]
[SourceVersionDate "2021.07.31"]
[SourceQuality "1"]

1. e4 e5 2. Nf3 Nc6 3. c3 d5 4. exd5 Qxd5 5. Be2 e4 6. c4 Qd8 7. Ng1 Bc5 8. Nc3 Qd4 9. Nh3 Bxh3 10. Rf1 Bxg2 11. Nb5 Qd8 12. Rg1 Bh3 13. Rxg7 Qf6 14. Nxc7+ Kf8 15. d4 exd3 16. Rxg8+ Rxg8 17. Be3 Bb4+ 18. Bd2 Rg1+ 19. Bf1 Rxf1# 0-1

[Event "Cappelle Online Blitz op"]
[Site "Europe Echecs INT"]
[Date "2021.03.07"]
[Round "5"]
[White "Brunner, Nicolas"]
[Black "Emmenecker, Philippe"]
[Result "1-0"]
[WhiteElo "2418"]
[BlackElo "2053"]
[PlyCount "93"]
[EventDate "2021.03.07"]
[EventType "swiss (blitz)"]
[EventRounds "11"]
[EventCountry "FRA"]
[SourceTitle "CBM 201 Extra"]
[Source "ChessBase"]
[SourceDate "2021.05.31"]
[SourceVersion "1"]
[SourceVersionDate "2021.05.31"]
[SourceQuality "1"]

1. d4 Nf6 2. c4 g6 3. Nc3 Bg7 4. e4 d6 5. Nf3 0-0 6. Be2 e5 7. 0-0 Nbd7 8. Re1 Re8 9. Bf1 a6 10. d5 a5 11. b3 Nc5 12. Rb1 Bd7 13. a3 a4 14. b4 Nb3 15. Be3 h6 16. h3 Nh5 17. g3 f5 18. exf5 Bxf5 19. Rb2 Bd7 20. Ne4 Rf8 21. Bg2 Nf6 22. Nfd2 Nxd2 23. Qxd2 Nxe4 24. Bxe4 Kh7 25. h4 Bf5 26. Bg2 Qd7 27. c5 Rae8 28. c6 Qc8 29. b5 b6 30. Rb4 Bh3 31. Be4 Rf5 32. Rxa4 Ref8 33. Kh2 Rf3 34. Bxf3 Rxf3 35. Ra7 g5 36. hxg5 hxg5 37. Bxg5 Kg6 38. Bh4 Bf6 39. Qe2 Bg4 40. Qe4+ Kg7 41. Bxf6+ Rxf6 42. f4 Rh6+ 43. Kg1 Bf5 44. Rxc7+ Qxc7 45. Qxf5 Qe7 46. fxe5 Rg6 47. Qf4 1-0

[Event "C'Chartres Blitz op"]
[Site "Europe Echecs INT"]
[Date "2020.11.28"]
[Round "2"]
[White "Aleksandrov, Aleksej"]
[Black "Emmenecker, Philippe"]
[Result "1-0"]
[WhiteElo "2574"]
[BlackElo "2081"]
[PlyCount "131"]
[EventDate "2020.11.28"]
[EventType "swiss (blitz)"]
[EventRounds "11"]
[EventCountry "FRA"]
[SourceTitle "CBM 199 Extra"]
[Source "ChessBase"]
[SourceDate "2021.01.31"]
[SourceVersion "1"]
[SourceVersionDate "2021.01.31"]
[SourceQuality "1"]

1. d4 Nf6 2. c4 g6 3. Nc3 Bg7 4. e4 0-0 5. h3 d6 6. Be3 c6 7. Nf3 d5 8. cxd5 cxd5 9. e5 Ne4 10. Bd3 Nxc3 11. bxc3 Qa5 12. Bd2 Qc7 13. 0-0 Nc6 14. Qc1 Na5 15. Bh6 Bd7 16. Qd2 Rac8 17. Rac1 Nc4 18. Qf4 f6 19. Qh4 fxe5 20. Bxg7 Kxg7 21. Bxc4 Rxf3 22. Bxd5 Rf6 23. Rfe1 e6 24. dxe5 Rf7 25. Bf3 Bc6 26. Bxc6 Qxc6 27. c4 Rcf8 28. Rc2 Qc5 29. Ree2 Rf4 30. Qg3 Rxc4 31. Qb3 Rxc2 32. Rxc2 Qxe5 33. Qxb7+ Rf7 34. Qb2 Qxb2 35. Rxb2 Kf6 36. Rb5 Rc7 37. Ra5 e5 38. h4 Kf5 39. g3 Ke4 40. Kg2 Kd4 41. Kf3 e4+ 42. Ke2 Rc2+ 43. Kf1 e3 44. fxe3+ Kxe3 45. Rxa7 Rc1+ 46. Kg2 Rc2+ 47. Kh3 h5 48. Ra6 Rc1 49. Rxg6 Rh1+ 50. Kg2 Ra1 51. Re6+ Kd4 52. Re2 Kd3 53. Rf2 Re1 54. Rf5 Re2+ 55. Kh3 Rxa2 56. Rxh5 Ke4 57. Rh8 Ra3 58. Rf8 Rd3 59. Rf4+ Ke5 60. h5 Rd6 61. Kh4 Rh6 62. Rf1 Rh8 63. g4 Rh6 64. g5 Rd6 65. h6 Rd4+ 66. Kh5 1-0

[Event "C'Chartres Blitz op"]
[Site "Europe Echecs INT"]
[Date "2020.11.28"]
[Round "9"]
[White "Emmenecker, Philippe"]
[Black "Ternault, Mathieu"]
[Result "0-1"]
[WhiteElo "2081"]
[BlackElo "2324"]
[PlyCount "112"]
[EventDate "2020.11.28"]
[EventType "swiss (blitz)"]
[EventRounds "11"]
[EventCountry "FRA"]
[SourceTitle "CBM 199 Extra"]
[Source "ChessBase"]
[SourceDate "2021.01.31"]
[SourceVersion "1"]
[SourceVersionDate "2021.01.31"]
[SourceQuality "1"]

1. d4 Nc6 2. c4 e5 3. d5 Bb4+ 4. Bd2 Bxd2+ 5. Qxd2 Nce7 6. d6 Ng6 7. Nc3 cxd6 8. Qxd6 N8e7 9. h4 h5 10. e3 Nf5 11. Qd3 d6 12. g3 0-0 13. Be2 Qb6 14. 0-0-0 Be6 15. Nd5 Bxd5 16. Qxd5 Nge7 17. Qd3 Rac8 18. Kb1 Qc6 19. Nh3 g6 20. Ng5 Rfd8 21. Bf3 Qxc4 22. Bxb7 Qxd3+ 23. Rxd3 Rc5 24. Rc1 Rxc1+ 25. Kxc1 f6 26. Ne4 Kf7 27. Nc3 Rb8 28. Bd5+ Kg7 29. Be6 a5 30. a3 Rb6 31. Ne4 Ra6 32. Kd2 Rb6 33. b3 g5 34. hxg5 fxg5 35. Bxf5 Nxf5 36. Nxg5 Kf6 37. Ne4+ Ke6 38. Ng5+ Kf6 39. Ne4+ Ke6 40. Ng5+ Ke7 41. Nf3 e4 42. Rc3 exf3 43. e4 Nd4 44. Ke3 Ne6 45. Kxf3 Nc5 46. Re3 Rxb3 47. Rxb3 Nxb3 48. Kf4 a4 49. Kg5 Nd4 50. f4 Nc2 51. f5 Kf7 52. Kxh5 Nxa3 53. g4 Nc4 54. g5 Ne5 55. g6+ Nxg6 56. fxg6+ Kg7 0-1

[Event "Biel HTO 53rd"]
[Site "Biel"]
[Date "2020.07.26"]
[Round "6"]
[White "Emmenecker, Philippe"]
[Black "Wenger, Arejou"]
[Result "1-0"]
[WhiteElo "2100"]
[BlackElo "1831"]
[PlyCount "45"]
[EventDate "2020.07.20"]
[EventType "swiss"]
[EventRounds "9"]
[EventCountry "SUI"]
[SourceTitle "CBM 197"]
[Source "ChessBase"]
[SourceDate "2020.07.27"]
[SourceVersion "1"]
[SourceVersionDate "2020.07.27"]
[SourceQuality "1"]

1. e4 Nf6 2. Nc3 d5 3. e5 Nfd7 4. e6 fxe6 5. d4 g6 6. h4 Nf6 7. h5 Bg7 8. hxg6 h6 9. Nf3 Nbd7 10. Qe2 e5 11. dxe5 Ng4 12. Bf4 Rf8 13. g3 Nb6 14. 0-0-0 Bf5 15. Nd4 Qc8 16. f3 Bxg6 17. fxg4 c5 18. Nf5 Bxf5 19. gxf5 d4 20. Ne4 Qxf5 21. Bh3 Qf7 22. Qb5+ Kd8 23. Nxc5 1-0

[Event "Biel HTO 53rd"]
[Site "Biel"]
[Date "2020.07.23"]
[Round "4"]
[White "Emmenecker, Philippe"]
[Black "Courjal, Pauline"]
[Result "0-1"]
[WhiteElo "2100"]
[BlackElo "1848"]
[PlyCount "168"]
[EventDate "2020.07.20"]
[EventType "swiss"]
[EventRounds "9"]
[EventCountry "SUI"]
[SourceTitle "CBM 197"]
[Source "ChessBase"]
[SourceDate "2020.07.27"]
[SourceVersion "1"]
[SourceVersionDate "2020.07.27"]
[SourceQuality "1"]

1. d4 Nf6 2. c4 g6 3. Nc3 Bg7 4. e4 d6 5. f4 0-0 6. Nf3 e5 7. fxe5 dxe5 8. d5 Na6 9. Be2 Nc5 10. Bg5 h6 11. Bxf6 Qxf6 12. b4 Nd7 13. c5 a5 14. a3 Qf4 15. g3 Qe3 16. Qd2 Qxd2+ 17. Kxd2 f5 18. Nh4 Kh7 19. Bd3 Nf6 20. exf5 g5 21. Ng6 Re8 22. h4 axb4 23. Ne4 g4 24. Nxf6+ Bxf6 25. Be4 bxa3 26. Rhc1 Ra4 27. Ke3 Bd7 28. c6 bxc6 29. dxc6 Bc8 30. Rc3 a2 31. Rc2 Ra3+ 32. Ke2 Ba6+ 33. Kf2 Bd3 34. Bxd3 Rxd3 35. Raxa2 Rf3+ 36. Kg2 Rxf5 37. h5 Rxh5 38. Nh4 Bxh4 39. gxh4 Rxh4 40. Ra7 Rc8 41. Kg3 Rh1 42. Kxg4 Kg6 43. Rc5 h5+ 44. Kg3 Kf5 45. Raa5 Re1 46. Rc3 Rg1+ 47. Kf2 Rg4 48. Ra7 h4 49. Rh3 Rf4+ 50. Ke2 Kg4 51. Rh1 Rc4 52. Rg1+ Kf4 53. Rh1 Kf5 54. Kd3 Rd4+ 55. Ke3 Ke6 56. Rg1 Rf4 57. Rg6+ Rf6 58. Rg7 Rh6 59. Rgxc7 Rxc7 60. Rxc7 Kd6 61. Rd7+ Kxc6 62. Rd2 h3 63. Rh2 Kd5 64. Rd2+ Ke6 65. Rh2 Kf5 66. Kf3 e4+ 67. Ke3 Ke5 68. Rb2 Rd6 69. Rb5+ Rd5 70. Rb8 Rd3+ 71. Kf2 Rf3+ 72. Ke2 Kf4 73. Rf8+ Kg3 74. Rg8+ Kh2 75. Rg4 Rg3 76. Rf4 e3 77. Kf1 Rg2 78. Rf3 Rg3 79. Rf5 Rg1+ 80. Ke2 Rg2+ 81. Ke1 Kh1 82. Rf3 h2 83. Rf4 e2 84. Rf3 Kg1 0-1

[Event "FRA-ch Blitz Online Qual"]
[Site "Europe Echecs INT"]
[Date "2020.05.16"]
[Round "15"]
[White "Choukri, Adel"]
[Black "Emmenecker, Philippe"]
[Result "1-0"]
[WhiteElo "2311"]
[BlackElo "2100"]
[PlyCount "55"]
[EventDate "2020.05.16"]
[EventType "swiss (blitz)"]
[EventRounds "15"]
[EventCountry "FRA"]
[SourceTitle "CBM 196 Extra"]
[Source "ChessBase"]
[SourceDate "2020.07.31"]
[SourceVersion "1"]
[SourceVersionDate "2020.07.31"]
[SourceQuality "1"]

1. e4 e5 2. Nf3 Nc6 3. Bb5 Bc5 4. 0-0 Nd4 5. Nxd4 Bxd4 6. c3 Bb6 7. d4 c6 8. Bc4 d6 9. a4 a5 10. Qb3 exd4 11. Bxf7+ Kf8 12. Bxg8 Rxg8 13. cxd4 Bxd4 14. Be3 Bf6 15. Nc3 Qe7 16. Rad1 Be6 17. Qa3 Rd8 18. Rxd6 Rxd6 19. Bc5 Be5 20. f4 Bd4+ 21. Kh1 Bxc5 22. Qxc5 Rd2 23. Qxa5 Rxb2 24. Rd1 Kf7 25. f5 Bc4 26. e5 b6 27. e6+ Kf6 28. Ne4# 1-0

[Event "FRA-ch Blitz Online Qual"]
[Site "Europe Echecs INT"]
[Date "2020.05.16"]
[Round "6"]
[White "Okhotnik, Vladimir"]
[Black "Emmenecker, Philippe"]
[Result "1-0"]
[WhiteElo "2359"]
[BlackElo "2100"]
[PlyCount "59"]
[EventDate "2020.05.16"]
[EventType "swiss (blitz)"]
[EventRounds "15"]
[EventCountry "FRA"]
[SourceTitle "CBM 196 Extra"]
[Source "ChessBase"]
[SourceDate "2020.07.31"]
[SourceVersion "1"]
[SourceVersionDate "2020.07.31"]
[SourceQuality "1"]

1. e4 e5 2. Nf3 Nc6 3. Nc3 Nf6 4. a3 g6 5. d4 exd4 6. Nxd4 Bg7 7. Nxc6 bxc6 8. Bc4 0-0 9. 0-0 Rb8 10. Rb1 d6 11. Be3 c5 12. f3 Bd7 13. Qd2 Bc6 14. Bg5 Qd7 15. Rfe1 Rbe8 16. Rbd1 Nh5 17. Bd5 Bd4+ 18. Be3 Bxe3+ 19. Qxe3 Nf6 20. Bc4 Kg7 21. h3 h5 22. Qf4 Re5 23. Qxe5 dxe5 24. Rxd7 Bxd7 25. Bb5 c6 26. Bc4 Rb8 27. b3 h4 28. Rd1 Kf8 29. Na4 Nh5 30. Rxd7 1-0

[Event "FRA-ch Blitz Online Qual"]
[Site "Europe Echecs INT"]
[Date "2020.05.16"]
[Round "4"]
[White "Spagnoli, Benjamin"]
[Black "Emmenecker, Philippe"]
[Result "0-1"]
[WhiteElo "1770"]
[BlackElo "2100"]
[PlyCount "93"]
[EventDate "2020.05.16"]
[EventType "swiss (blitz)"]
[EventRounds "15"]
[EventCountry "FRA"]
[SourceTitle "CBM 196 Extra"]
[Source "ChessBase"]
[SourceDate "2020.07.31"]
[SourceVersion "1"]
[SourceVersionDate "2020.07.31"]
[SourceQuality "1"]

1. d4 Nf6 2. c4 g6 3. Nc3 Bg7 4. e4 d6 5. Nf3 0-0 6. h3 Nbd7 7. Be3 e5 8. d5 a5 9. Be2 Nc5 10. Nd2 b6 11. Qc2 Nfd7 12. g4 Qh4 13. 0-0-0 Bh6 14. Bxh6 Qxh6 15. Kb1 Qf4 16. f3 Ba6 17. h4 h6 18. Rdg1 Kg7 19. Bf1 Rh8 20. Ne2 Qe3 21. Ng3 a4 22. h5 Rab8 23. hxg6 fxg6 24. Be2 b5 25. Ngf1 Qf4 26. Ng3 bxc4 27. Bxc4 Bxc4 28. Nxc4 Rb4 29. Nd2 Rhb8 30. Nh5+ gxh5 31. gxh5+ Kh7 32. Rg4 Qe3 33. Rhg1 Rxb2+ 34. Qxb2 Rxb2+ 35. Ka1 Rxa2+ 36. Kxa2 Qxd2+ 37. Ka1 Qc3+ 38. Kb1 Qb3+ 39. Ka1 Qc3+ 40. Kb1 Nf6 41. Rg7+ Kh8 42. Rf7 Qb3+ 43. Ka1 Qa3+ 44. Kb1 Qb4+ 45. Ka1 Qd4+ 46. Kb1 Qxg1+ 47. Ka2 0-1

[Event "Nancy Meurthe rapid 17th"]
[Site "Nancy"]
[Date "2019.02.24"]
[Round "4"]
[White "Emmenecker, Philippe"]
[Black "Brunner, Nicolas"]
[Result "0-1"]
[WhiteElo "2087"]
[BlackElo "2427"]
[PlyCount "87"]
[EventDate "2019.02.24"]
[EventType "swiss (rapid)"]
[EventRounds "9"]
[EventCountry "FRA"]
[SourceTitle "CBM 189 Extra"]
[Source "ChessBase"]
[SourceDate "2019.06.03"]
[SourceVersion "1"]
[SourceVersionDate "2019.06.03"]
[SourceQuality "1"]

1. d4 d5 2. Nf3 Nf6 3. c4 e6 4. Nc3 c6 5. Bg5 h6 6. Bxf6 Qxf6 7. Qb3 a5 8. a3 Nd7 9. e4 dxe4 10. Nxe4 Qf4 11. Bd3 Be7 12. 0-0 0-0 13. Rfe1 b6 14. Rad1 Bb7 15. Bb1 Qc7 16. Qc2 Rfe8 17. d5 cxd5 18. Nc3 Nf6 19. cxd5 exd5 20. Nxd5 Qxc2 21. Nxe7+ Rxe7 22. Bxc2 Rxe1+ 23. Nxe1 Re8 24. Bd3 Re5 25. Bc4 Kf8 26. f3 Rc5 27. Bb3 Rb5 28. Rd3 a4 29. Bxa4 Rxb2 30. Rb3 Rxb3 31. Bxb3 Ke7 32. Nd3 Nd5 33. Bxd5 Bxd5 34. Kf2 Kd6 35. Ke3 Bc4 36. Nb2 Bf1 37. g3 Kd5 38. f4 b5 39. Kf2 Bc4 40. Ke3 Bf1 41. Kf2 Bh3 42. Ke3 Bf5 43. a4 b4 44. a5 0-1

[Event "Plancoet op 11th"]
[Site "Plancoet"]
[Date "2014.08.01"]
[Round "8"]
[White "Maddens, Martijn"]
[Black "Emmenecker, Philippe"]
[Result "1-0"]
[WhiteElo "2015"]
[BlackElo "2191"]
[PlyCount "67"]
[EventDate "2014.07.27"]
[EventType "swiss"]
[EventRounds "9"]
[EventCountry "FRA"]
[SourceTitle "CBM 161 Extra"]
[Source "ChessBase"]
[SourceDate "2014.08.29"]
[SourceVersion "1"]
[SourceVersionDate "2014.08.29"]
[SourceQuality "1"]

1. e4 c5 2. c3 d6 3. d4 Nf6 4. Bd3 Qc7 5. Na3 a6 6. Nf3 g6 7. 0-0 Bg7 8. h3 0-0 9. e5 dxe5 10. dxe5 Nfd7 11. e6 fxe6 12. Ng5 Ne5 13. Bc2 b5 14. f4 Rd8 15. Qe2 Nf7 16. Nxe6 Bxe6 17. Qxe6 Nc6 18. f5 Rd6 19. Qe4 Rf6 20. Bf4 gxf5 21. Bxc7 fxe4 22. Bxe4 Rc8 23. Bg3 Rxf1+ 24. Rxf1 Bf6 25. Nc2 Kg7 26. Ne3 e6 27. Ng4 Be5 28. Rxf7+ Kxf7 29. Nxe5+ Nxe5 30. Bxe5 Rd8 31. c4 Rd1+ 32. Kf2 b4 33. Bxh7 Ra1 34. g4 1-0

[Event "FRA-chT1A 1112"]
[Site "France"]
[Date "2012.01.14"]
[Round "6.7"]
[White "Rodon, Gurvan"]
[Black "Emmenecker, Philippe"]
[Result "0-1"]
[WhiteElo "2009"]
[BlackElo "2217"]
[PlyCount "78"]
[EventDate "2011.10.16"]
[EventType "team-tourn"]
[EventRounds "11"]
[EventCountry "FRA"]
[SourceTitle "EXT 2013"]
[Source "ChessBase"]
[SourceDate "2012.11.22"]
[SourceVersion "1"]
[SourceVersionDate "2012.11.22"]
[SourceQuality "1"]
[WhiteTeam "Lisieux"]
[BlackTeam "Issy les Moulineaux"]
[WhiteTeamCountry "FRA"]
[BlackTeamCountry "FRA"]

1. d4 Nf6 2. c4 g6 3. Nc3 Bg7 4. e4 d6 5. f3 0-0 6. Bg5 c5 7. d5 h6 8. Be3 e6 9. Qd2 exd5 10. cxd5 Bd7 11. Nge2 b5 12. Ng3 b4 13. Nd1 h5 14. Bc4 Re8 15. 0-0 a6 16. a4 Bc8 17. Rc1 Nbd7 18. b3 Ne5 19. Be2 Nh7 20. Nh1 f5 21. Nhf2 Rf8 22. f4 Ng4 23. Nxg4 hxg4 24. e5 dxe5 25. Bxc5 Re8 26. Bxb4 exf4 27. Bc4 Ng5 28. Nf2 g3 29. Nd3 Bd4+ 30. Kh1 Be3 31. Qc3 Ne4 32. Qb2 gxh2 33. Nxf4 Qh4 34. Nh3 Ng3+ 35. Kxh2 Nxf1+ 36. Rxf1 f4 37. d6+ Kh7 38. Be1 Qh5 39. Qc2 Bf5 0-1

[Event "FRA-chT1 1011"]
[Site "France"]
[Date "2010.12.11"]
[Round "4.6"]
[White "Emmenecker, Philippe"]
[Black "Geenen, Marc"]
[Result "1/2-1/2"]
[WhiteElo "2193"]
[BlackElo "2300"]
[PlyCount "45"]
[EventDate "2010.10.17"]
[EventType "team-tourn"]
[EventRounds "11"]
[EventCountry "FRA"]
[SourceTitle "EXT 2012"]
[Source "ChessBase"]
[SourceDate "2011.11.24"]
[SourceVersion "1"]
[SourceVersionDate "2011.11.24"]
[SourceQuality "1"]

1. d4 Nf6 2. c4 g6 3. Nc3 Bg7 4. e4 d6 5. f4 0-0 6. Nf3 Na6 7. e5 Nd7 8. h4 dxe5 9. dxe5 Ndc5 10. Be3 Bf5 11. Nd4 Qd7 12. Nxf5 Qxf5 13. g4 Qe6 14. b4 Rad8 15. Qb1 Nd7 16. Kf2 Nxe5 17. fxe5 Qxe5 18. b5 Nb8 19. Nd5 Qxa1 20. Qxa1 Bxa1 21. Bg2 Be5 22. Nxe7+ Kg7 23. Bxa7 1/2-1/2